Schnelle Mathematik - Multiplikation zur Basis 4 Level 03 - Statistiken

Allgemein
  • Dieses Quiz wurde 70 mal gespielt
  • Das Durchschnittsergebnis liegt bei 18 aus 20
Antwortstatistiken
Frage Antwort % Korrekt
0⋅0 0
100%
0⋅1 0
100%
0⋅2 0
100%
0⋅3 0
100%
0⋅10 0
100%
0⋅11 0
100%
2⋅0 0
100%
11⋅0 0
100%
10⋅1 10
100%
11⋅1 11
100%
1⋅2 2
100%
2⋅10 20
100%
10⋅2 20
100%
11⋅2 22
100%
1⋅3 3
100%
3⋅10 30
100%
3⋅0 0
94%
1⋅1 1
94%
1⋅11 11
94%
11⋅11 121
94%
3⋅11 33
94%
10⋅10 100
93%
3⋅1 3
93%
11⋅3 33
93%
10⋅0 0
92%
1⋅10 10
92%
2⋅1 2
92%
2⋅11 22
92%
10⋅3 30
92%
11⋅10 110
91%
1⋅0 0
90%
10⋅11 110
90%
3⋅3 21
42%
2⋅3 12
41%
3⋅2 12
40%
2⋅2 10
27%
Keine übereinstimmenden Quizze gefunden
Verteilung der Resultate
Anzahl Personen mit jedem Resultat
Perzentil nach korrekt beantworteten Fragen
Ihre Resultats-Entwicklung
Sie haben dieses Quiz noch nicht gespielt